Statistics for Movies by Quotes - Jim Carrey

Click here to take the quiz!

General Stats

  • This quiz has been taken 62 times
  • The average score is 13 of 30

Answer Stats

HintAnswer% Correct
"If I'm not back in five minutes... just wait longer."Ace Ventura
82%
1994Ace Ventura: Pet Detective
82%
1994Dumb And Dumber
79%
1997Liar Liar
71%
1998The Truman Show
68%
"Good morning, and in case I don't see ya, good afternoon, good evening, and good night!"Truman Burbank
68%
2003Bruce Almighty
64%
"Smite me, oh mighty Smiter!"Bruce Nolan
64%
"Hello! I have to send the penguins back."Mr. Popper
64%
"Look, Ma! I'm road kill! Ha, ha, ha!"Stanley Ipkiss / The Mask
64%
1994The Mask
64%
2011Mr. Popper's Penguins
54%
"I'll bet you twenty bucks I can get you gambling before the end of the day!"Lloyd Christmas
46%
2008Yes Man
46%
2000Me, Myself & Irene
39%
2020Sonic The Hedgehog
39%
2004Eternal Sunshine Of The Spotless Mind
32%
2007The Number 23
32%
2005Fun With Dick And Jane
29%
"I meant what I said and I said what I meant. An elephant's faithful one hundred percent."Horton (voice)
29%
"The color of the pen that I hold in my hand is rrrrr-rrroyal blue!"Fletcher Reede
25%
1999Man On The Moon
25%
"I hate sitcoms, George. They're just... stupid jokes... and canned laughter! And you don't know why it's there, but it's there. And... and that's DEAD people laughing! Did you know that? Those people are dead!"Andy Kaufman
21%
"I was not expecting that!... But I was expecting to not expect something, so it doesn't count."Dr. Robotnik
21%
2008Horton Hears A Who!
21%
"I've been terminated, bankrupted, deported and blackmailed because of you, and I'm not leaving here without your money."Dick Harper
18%
"Advanced delusionary schizophrenia with involuntary narcissistic rage."Charlie / Hank
11%
"Why do I fall in love with every woman I see who shows me the least bit of attention?"Joel Barish
7%
"There's no such thing as destiny. There are only different choices. Some choices are easy, some aren't. Those are the really important ones, the ones that define us as people."Walter Sparrow / Fingerling
4%
"Why don't you take a late night stroll through the hills and get killed by the Manson family? Don't mind if I do!"Carl Allen
0%

Score Distribution

Percentile by Number Answered

Percent of People with Each Score

Your Score History

You have not taken this quiz